Contos de Natal (Registo nº 1872)
[ vista simples ]
| 000 -Etiqueta do registo | |
|---|---|
| Cabeçalho | 01106nam a22003011 4500 |
| 005 - Identificador da versão | |
| Campo de controlo | 20240827104048.0 |
| 010 ## - Número internacional normalizado dos livros (ISBN) | |
| Número (ISBN) | 9895002629 |
| 021 ## - Número do Depósito Legal | |
| Código do país | PT |
| Número | 231746/05 |
| 100 ## - Dados gerais de processamento | |
| Dados gerais de processamento | 20070521d2005 da y0pory5003 ba |
| 101 1# - Língua de publicação | |
| Língua do texto, banda sonora, etc. | Português |
| Língua do documento no original | Alemão |
| 102 ## - Pais de publicação ou produção | |
| País de publicação | Portugal |
| 105 ## - Campo de dados codificados: livros | |
| Dados codificados dos livros | a z 000fy |
| 106 ## - Campo de dados codificados: material textual | |
| Dados codificados do material textual | r |
| 200 1# - Titulo e menção de responsabilidade | |
| Título próprio | Contos de Natal |
| Informação de outro título | A rainha das neves |
| -- | A vendedora de fósforos |
| -- | O abeto de Natal |
| Primeira menção de responsabilidade | Hans Christian Andersen |
| Outras menções de responsabilidade | adapt. Arnica Esterl |
| -- | il. Anastassija Archipowa, trad. Paula de Carvalho |
| 205 ## - Menção da edição | |
| Menção da edição | [1ª ed.] |
| 210 ## - Publicação, Distribuição, etc. | |
| Lugar da edição, distribuição, etc. | Rio de Mouro |
| Nome do editor, distribuidor, etc. | Everest |
| Data da publicação, distribuição, etc. | imp. 2005 |
| 215 ## - Descrição física | |
| Indicação específica da natureza do documento e extensão da espécie | 79 p. a 2 colns. |
| Outras indicações físicas | il. |
| Dimensões | 28 cm |
| 300 ## - Notas gerais | |
| Texto da nota | Obra integrada no Plano Nacional de Leitura |
| 304 ## - Notas relativas a título e menção de responsabilidade | |
| Texto da nota | Tít. orig.: Die schneekönigin, das mädchen mit den schwefelkhölzchen, der tannenbaun |
| 606 ## - Nome comum usado como assunto | |
| Número de registo de entrada de autoridade | 0000015 |
| Palavra de ordem | Literatura estrangeira infanto-juvenil |
| Subdivisão de assunto | Conto |
| 675 ## - Classificação Decimal Universal (CDU) | |
| Notação | 82-34 |
| Edição | 2ª |
| Língua da edição | por |
| 700 #1 - Nome de autor-pessoa física (responsabilidade principal) | |
| Número de registo de entrada de autoridade | 0000420 |
| Palavra de ordem | Andersen |
| Outra parte do nome não tomada para palavra de ordem | Hans Christian |
| Datas | 1805-1875 |
| 701 #1 - Nome de autor-pessoa física (co-responsabilidade principal) | |
| Palavra de ordem | Esterl |
| Outra parte do nome não tomada para palavra de ordem | Arnica |
| Código de função | Adaptador |
| 702 #1 - Nome de autor-pessoa física (responsabilidade secundária) | |
| Número de registo de entrada de autoridade | 0000422 |
| Palavra de ordem | Archipowa |
| Outra parte do nome não tomada para palavra de ordem | Anastassija |
| Código de função | Ilustrador / Técnico de desenho computorizado |
| Número de registo de entrada de autoridade | 0000423 |
| Palavra de ordem | Carvalho |
| Outra parte do nome não tomada para palavra de ordem | Paula de |
| Código de função | Tradutor |
| 942 ## - Elementos de entrada adicionados (Koha) | |
| Tipo de item no Koha | Livro |
| Situação do levantamento | Origin of item (home branch) (coded) | Biblioteca de empréstimo | Código de barras | Cota | Circulation type (not for loan) | Tipo de documento | Nota do exemplar | Damaged status |
|---|---|---|---|---|---|---|---|---|
| Biblioteca Escolar da Coca Maravilhas | Biblioteca Escolar da Coca Maravilhas | BECM7958/07 | 8EST AND | Livro | Sem mensagem |
